000 00405nam a2200157Ia 4500
008 210716s2014 xx 000 0 und d
020 _a9788131518632
041 _aeng
082 _a658.8 FERO
100 _aFerrell, O C;Hartline, Michael D.
245 _aMarketing management strategies.
250 _a5
260 _aNew Delhi
_bCengage Learning
_c2014
300 _axxii,746
650 _aMarketing
999 _c209630
_d209630